Statistics for World's Hardest Geography Quiz

Click here to take the quiz!

General Stats

  • This quiz has been taken 564 times
    (538 since last reset)
  • The average score is 3 of 15

Answer Stats

HintAnswer% Correct
Who owns Sjaelland?Denmark
65%
Whom was the city of Rome named after?Romulus
63%
What is the capital of Kiribati?South Tarawa
40%
The World Islands are located in what large body of water?Persian Gulf
31%
What type of landform is normally associated with orographic precipitation?Mountain
28%
How many permanent residents live in the Vactican?0
26%
Adamstown, the world's least populated capital city, is the capital of what island group?Pitcairn Islands
22%
Andorra has two heads of state; the President of France and who?Bishop of Urgel
13%
What is the term for sharp and pointy basaltic lava flow?aa
9%
Name the only nationality that is a palindromeNauruan
9%
What planned building will be the first to surpass the 1 km mark?Kingdom Tower
7%
What is the world's smallest island(recognized)?Bishop Rock
3%
The Khyber Pass is located next to which province of Pakistan?Khyber Pakhtunkhwa
3%
The most toxic place in America is in what town?Picher, Oklahoma
2%
What is the largest canyon in the world?Tsangpo Gorge
1%

Score Distribution

Percentile by Number Answered

Percent of People with Each Score

Your Score History

You have not taken this quiz since the last reset